00945nam a22002657a 4500003000500000005001700005008004100022010001000063011001000073035001000083040000900093082001600102110004600118245012500164260005500289300001100344490006400355500002400419504001900443650004300462650003600505650003400541700004000575830006400615CHAP20220329140036.0971013s1965 r 00010 d a46079 a47051 a51192 cCHAP a591.980bU5 aUNESCO. Dirección de Recursos Naturales aFaunab: animales terrestres, biología de agua dulce y biología marina de la región cisandina de América del Sur a(s.l.) :bDirección de Recursos Naturales,c1965 a129 h. aEstudio de los recursos naturales de América Latinav; 10 aCopia mimeografiada aBibliografía14aFauna de agua dulcexAmérica Latina.14aFauna marinaxAmérica Latina.14aZoologíaxAmérica Latina.0 aMelo Carvalho, José Cándido de.0 aEstudio de los recursos naturales de América Latinav; 10